| 000 | 00775 a2200229 4500 | ||
|---|---|---|---|
| 020 |
_a7671400499 _c106.25 |
||
| 020 | _c106.75 | ||
| 035 | _aB-212088 | ||
| 035 | _aB-211542 | ||
| 037 | _bRP-RKP-8-11/ UBH-07-08:SPL CH / RP-07-08:ENG | ||
| 037 | _bRP-V V-8 / UBH-07-08:SPL CH / RP-07-08:ENG | ||
| 082 | 1 | 4 | _aS |
| 090 |
_c6302 _d6302 |
||
| 100 | 1 | _aKeene, Carolyn | |
| 245 | 1 |
_aA taste of danger _cby Carolyn Keene |
|
| 260 |
_aNew York _bAladdin Paperbacks _c2003 |
||
| 300 |
_a169 p _c18 cm (pbk) |
||
| 490 | _aNancy Drew girl detective 174 | ||
| 942 |
_adpl _cEN _kS / KEE |
||
| 999 |
_c6188 _d6188 |
||